000
00225 a2200097 4500
001
54151
100
_a
Musharraf Pervez
245
_a
Sub Say Pehlay Pakistan
260
_a
Lahore
_b
Ferozsons Ltd
_c
2006
090
_c
33762
_d
33762
942
_a
NUST-CAE
_c
M
_c
26405
999
_c
289224
_d
289224